000 00647nam a22001817a 4500
999 _c191216
_d191216
005 20220823120027.0
010 _aENG-134539
020 _a9780199491445
_c995.00
035 _aEN-118072
037 _bDBAD/PUB
082 _a342.54029
100 _aElangovan, Arvind
245 _aNorms and Politics:
_bSir Benegal Narsing Rau in the making of the indian constitution, 1935-50/
_cby Arvind Elangovan
260 _bOxford University Press
_c2019
_aNew Delhi
270 _a2/11 Ground floor, Ansari Road, Daryaganj
_bNew Delhi
_e110002
300 _aix; 261p.
_bIndex, Bibliography
_c22cm(hb)
942 _2ddc
_cEN
_h342.54029
_mELA